Custodire la memoria. (Record n. 206424)

Dettagli MARC
000 -LEADER
campo di controllo lung. fissa 01683npc a2200265Ia 4500
001 - Numero di controllo
campo di controllo dp5/7-1568 [d000001607]
003 - Identificatore del numero di controllo
campo di controllo IT-MiCISF
005 - Data e orario dell'ultima transazione
campo di controllo 20250625142538.0
008 - Elementi di lunghezza fissa--Informazione generale
campo di controllo lung. fissa 161014s9999||||xx | und||
020 ## - ISBN (International Standard Book Number)
ISBN (International Standard Book Number) 9788868799212
040 ## - Fonte della catalogazione
Agenzia catalografica originale IT-MiCISF
Agenzia che fa la trascrizione IT-MiCISF
041 ## - Codice di lingua
Codice di lingua del testo/traccia sonora o titolo separato it
100 ## - Accesso principale -- nome di persona
Nome di persona Ricci Sindoni Paola (et al.)
9 (RLIN) 60271
245 #0 - Formulazione del titolo
Titolo Custodire la memoria.
Complemento del titolo Scienza & Vita al tempo del Covid-19
260 ## - Pubblicazione, distribuzione, ecc. (stampa)
Nome dell'editore, distributore, ecc. Cantagalli,
Data di pubblicazione, distribuzione, ecc. 2020,
Luogo di pubblicazione, distribuzione, ecc. Siena
300 ## - Descrizione fisica
Estensione pp. 113
440 ## - Formulazione della serie/accesso aggiunto--titolo
Titolo I Quaderni di Scienza & Vita, n. 21
9 (RLIN) 62319
500 ## - Nota generale
Nota generale pandemia, storia, operatori-sanitari, atteggiamenti-verso-morte, valori, filosofia,
520 ## - Riassunto, ecc.
Nota di riassunto, ecc. Ci hanno lasciato migliaia di persone, ed è giusto conservare la memoria delle comunità colpite dall'emergenza sanitaria, lasciando una foto, un ricordo, uno scritto. Con questo Quaderno anche noi di Scienza & Vita vogliamo portare un piccolo tassello a questo deposito di senso che sarà la nostra memoria personale e sociale, lasciando ora un pezzetto della nostra esperienza, perché, soprattutto domani quando il ricordo si farà flebile, possiamo ricordare quello che siamo stati e che vogliamo essere attraverso quel Bene condiviso. generato dal dolore e dalla reciproca compassione.
650 ## - Accesso aggiunto di soggetto--termine topico
Termine topico o nome geografico come accesso Società
654 ## - Accesso aggiunto di soggetto--termini topici faccettati
Termine principale dossier
700 ## - Accesso aggiunto--nome di persona
Nome di persona Marchionni P., Papa Francesco, Mattarella S., Gambino A., Bellieni C.,
-- Costantino G., Binetti P., Coviello D., Gandolfini M., Romano L.,
-- Mantovani C., Vinai E., Balzaretti F., Buttiglione I., Costanzo G.,
-- Del Fabbro M., Fazio D., Pacilè M.T., Paganuzzi Mazzoletti C., Repetto V.,
-- Ricci G., Rosati V., Visalli A.
9 (RLIN) 62286
942 ## - Dati aggiuntivi (Koha)
Tipo copia default (Koha) LIBRO
Fonte della classificazione o dello schema di collocazione (segnatura) Dewey Decimal Classification
999 ## - Sys Number locale (Koha)
Koha Dewey Subclass [OBSOLETE] si
Dati di copia
Ritirato (status) Perso (status) Fonte della classificazione o dello schema di collocazione (segnatura) Danneggiato (status) Non per il presito Biblioteca proprietaria Biblioteca in cui si trova Data d'acquisizione Totale prestiti Collocazione Data ultima operazione Prezzo in vigore dal Tipo copia default (Koha) Nota pubblica
    Dewey Decimal Classification Buone Condizioni Not For Loan CISF - Milano CISF - Milano 14/10/2016   A2490 14/10/2016 14/10/2016 DOCUMENTI Data import 15.10.2016 / by Epidotti, Vaglietti
CREDITS: SOCIETA' SAN PAOLO Via A.Severo, 58 - ROMA (RM) & PERIODICI SAN PAOLO SRL Via Giotto, 36 MILANO & CISF Via Giotto, 36 MILANO & EDIZIONI SAN PAOLO SRL,  Piazza Soncino, 5 CINISELLO BALSAMO (MI) -- ITALY